00467nam a2200181Ia 4500003000400000008004100004040001600045082001600061100001800077245005700095700002100152260004100173300001000214650001700224650001500241650001900256650001000275GCL140319s9999 xx 000 0 eng d aGCL / cGCL04a720.92bK I1 aGOZAK, ANDREI10aI VAN LEONIDAV: THE COMPUTER WORKS / cGOZAK, ANDREI1 aLEONIDAV, ANDREI a[S.N] : bACADEMY EDITIONS ، c1988 a215 P04aARCHITECTURE04aARCHITECTS04aLEONIDAV, IVAN04aPLANS